| 000 | 00533nam a2200181Ia 4500 | ||
|---|---|---|---|
| 003 | OSt | ||
| 005 | 20240919084632.0 | ||
| 008 | 220927b |||||||| |||| 00| 0 eng d | ||
| 040 |
_aSDCL _cSDCL _beng |
||
| 041 |
_2eng _aHindi |
||
| 082 | _aRxM721 L3 | ||
| 100 |
_aBhattacharya, Abhay Chander _9472589 |
||
| 245 | 0 | _aSri Aurobind darshan. | |
| 260 |
_aVaranasi: _bJagbandhu Pakashan, _c1973. |
||
| 300 |
_axx,316p. _ccm. |
||
| 942 |
_hRxM721 L3 _cTEXL _2CC |
||
| 999 |
_c785158 _d785158 |
||